Filmographie David Lynch - Statistiques

Statistiques générales
  • Ce quiz a été pris 69 fois
  • Le résultat moyen est 8 sur 10
Statistiques - réponses
Année Films % Correct
2001 Mulholland Drive
98%
1980 Elephant Man
95%
1986 Blue Velvet
90%
1977 Eraserhead
90%
1984 Dune
85%
1997 Lost Highway
83%
2006 Inland Empire
72%
1990 Sailor et Lula
72%
1992 Twin Peaks: Fire Walk with Me
68%
1999 Une histoire vraie
65%
Aucun quiz correspondant
Distribution des résultats
% des personnes avec chaque résultat
Percentile par nombre de réponses
Votre historique - résultats
Vous n’avez pas pris ce quiz